| 000 | 00523nmm a2200181Ia 4500 | ||
|---|---|---|---|
| 008 | 251105s9999||||xx |||||||||||||||||und|| | ||
| 020 | _a9789562845526 | ||
| 041 | _aspa | ||
| 100 | _aKappatos, Rigas | ||
| 245 | 0 | _aLos poemas de Athinulis y otros gatos | |
| 264 |
_a[Santiago de Chile, Chile] : _bRil editores, _c2007 |
||
| 300 | _a114 páginas | ||
| 650 | _aLatin American poetry | ||
| 700 | _aKappatos, Rigas | ||
| 700 | 1 | _a Lihn, Enrique | |
| 856 | _uhttps://public.digitaliapublishing.com/a/29704 | ||
| 942 | _cCF | ||
| 999 |
_c67387 _d67387 |
||